| 000 | 01048nam a2200265 i 4500 | ||
|---|---|---|---|
| 001 | 110807 | ||
| 003 | ES-MaACL | ||
| 005 | 20250830080437.0 | ||
| 007 | t| | ||
| 008 | 070126s1930 sp ||||1| spa d | ||
| 080 | _a348.17"1917"(094.4) | ||
| 080 | _a351.776 | ||
| 100 | 1 |
_aBlanco Nájera, Francisco. _929275 |
|
| 245 | 1 | 0 |
_aDerecho funeral _b: comentario canónico-civil al Lib. III, Tit. XII, "De sepultura ecclesiastica" del Codex Juris canonice / _cpor Francisco Blanco Nájera ; prólogo del Excmo. Sr. Dr. D. Tomás Muniz. |
| 250 | _a1ª ed. | ||
| 260 |
_aMadrid : _bHijos de Reus, _c1930. |
||
| 300 |
_aVII, 629 p. ; _c23 cm. |
||
| 490 | 1 |
_aBiblioteca jurídica de autores españoles y extranjeros ; _v148 |
|
| 610 | 2 | 7 |
_aIglesia Católica. _tCodex juris canonici, 1917 _2 _9140039 |
| 650 | 1 | 7 |
_aDerecho mortuorio _2embne _911741 |
| 700 | 1 |
_aMuniz Pablos, Tomás. _984205 |
|
| 830 | 0 |
_aBiblioteca jurídica de autores españoles y extranjeros ; _v148 _9182228 |
|
| 852 |
_aES-MaACL _jE-3125 |
||
| 999 |
_c110807 _d110807 |
||